000 00581nam a2200217Ii 4500
003 JO-AjNU
008 230606s9999||||xx |||||||||||||| ||und||
020 _a978-93-5014-289-9
040 _aJO-AjNU
_beng
_erda
_cJO-AjNU
041 _aeng
050 1 4 _aTE175.2014
100 3 _aUpadhayay,
_eauthor
_94447
245 0 0 _aRailways and Tunnels
250 _a2 ed
264 3 1 _aNew Delhi:S.K KATARIA,2014
300 _a272p
336 _atext
_btxt
_2rdacontent
337 _aunmediated
_bn
_2rdamedia
338 _avolume
_bnc
_2rdacarrier
650 4 _aHigway Engineering
_94448
999 _aE2309
_c2307
_d2307